Escritos del padre Fernando Vives Solar /

El padre Fernando Vives Solar fue uno de los más destacados artífices del movimiento social cristiano, surgido en Chile a principios del siglo XX. Sus escritos y acciones se convirtieron en uno de los principales instrumentos de divulgación de la doctrina social de la Iglesia. Aplicó la experiencia...

Full description

Bibliographic Details
Main Author: Vives Solar, Fernando 1871-1935
Other Authors: Sagredo Baeza, Rafael, comp. 1959-
Format: Libro
Language:Spanish
Published: Santiago, Chile Dirección de Bibliotecas, Archivos y Museos 1993
Series:Fuentes para la historia de la República 5
Subjects:
Online Access:Acceso electrónico al documento

MARC

LEADER 00000cam a2200000 a 4500
001 002847
003 UAHC_CL
005 20170803115856.0
008 161114s1993 cl 000 spa
020 |a 9562440214 
040 |a UAHC_CL  |c UAHC_CL  |d UAHC_CL 
082 0 4 |a 261.83  |b V857  |2 20 
100 1 |a Vives Solar, Fernando  |d 1871-1935 
245 1 0 |a Escritos del padre Fernando Vives Solar /  |c Recopilación de Rafael Sagredo Baeza. 
260 |b Dirección de Bibliotecas, Archivos y Museos  |a Santiago, Chile  |c 1993 
300 |a 524 p. 
490 0 |a Fuentes para la historia de la República  |v 5 
520 |a El padre Fernando Vives Solar fue uno de los más destacados artífices del movimiento social cristiano, surgido en Chile a principios del siglo XX. Sus escritos y acciones se convirtieron en uno de los principales instrumentos de divulgación de la doctrina social de la Iglesia. Aplicó la experiencia obtenida en sus largas estadías en Europa al apostolado social, intentando transformar la actitud de los católicos chilenos frente a los postergados y desposeídos. Era conocido por su espíritu abierto, gran piedad y celo. 
650 4 |a IGLESIA CATîLICA Y PROBLEMAS SOCIALES  |z CHILE 
653 |a LICENCIATURA EN HISTORIA 
700 1 |a Sagredo Baeza, Rafael, comp.  |d 1959- 
856 |u http://www.memoriachilena.cl/602/w3-article-9941.html  |3 Acceso electrónico al documento  |y Acceso electrónico al documento 
900 |a 261.83 VIV 
942 |c BK 
952 |0 0  |1 0  |4 0  |6 261_830000000000000_VIV  |7 0  |8 General  |9 6303  |a BC  |b BC  |c General  |d 2017-08-03  |l 0  |o 261.83 VIV  |p 1440658  |r 2026-01-07 00:00:00  |t 1  |w 2017-08-03  |y BK 
952 |0 0  |1 0  |4 0  |6 261_830000000000000_VIV  |7 0  |8 General  |9 6304  |a BC  |b BC  |c General  |d 2017-08-03  |l 0  |o 261.83 VIV  |p 1440659  |r 2026-01-07 00:00:00  |t 2  |w 2017-08-03  |y BK 
952 |0 0  |1 0  |4 0  |6 261_830000000000000_VIV  |7 0  |8 General  |9 6305  |a BC  |b BC  |c General  |d 2017-08-03  |l 0  |o 261.83 VIV  |p 1440660  |r 2026-01-07 00:00:00  |t 3  |w 2017-08-03  |y BK 
952 |0 0  |1 0  |4 0  |6 261_830000000000000_VIV  |7 0  |8 General  |9 6306  |a BC  |b BC  |c General  |d 2017-08-03  |l 0  |o 261.83 VIV  |p 1440661  |r 2026-01-07 00:00:00  |t 4  |w 2017-08-03  |y BK 
952 |0 0  |1 0  |4 0  |6 261_830000000000000_VIV  |7 0  |8 General  |9 6307  |a BC  |b BC  |c General  |d 2017-08-03  |l 0  |o 261.83 VIV  |p 1310282  |r 2026-01-07 00:00:00  |t 5  |w 2017-08-03  |y BK 
952 |0 0  |1 0  |4 0  |6 261_830000000000000_VIV  |7 0  |8 General  |9 6308  |a BC  |b BC  |c General  |d 2017-08-03  |l 0  |o 261.83 VIV  |p 1310281  |r 2026-01-07 00:00:00  |t 6  |w 2017-08-03  |y BK 
999 |c 2847  |d 2847